00431nam a22001097a 4500008004100000040005500041080002000096245013100116260004900247300001300296650001200309230512b |||||||| |||| 00| 0 eng d aNational Science LibrarycNational Science Library a575(082.2) bL1 aProceedings of the symposium on genetics applied to human needs c/ Bhabha Atomic Research Centre, Bombay, January 10-11, 1977 aIndia: bDepartment of Atomic energy, c1977 av, 279p. aScience